000 00372nam a2200145Ia 4500
008 230711s9999||||xx |||||||||||||| ||und||
041 _aENG
082 _a621
_bHA-T
100 _aHalsehiest,AK
245 0 _aTechnician manufacturing technology
250 _a1st
260 _c1979
_aBritain
_bBritannica Ompulse Marketing
650 _aMechanical Engineering
942 _cBK
999 _c1150
_d1150